| 000 | 00375nam a22001457a 4500 | ||
|---|---|---|---|
| 020 | _qPB. | ||
| 040 | _cFizza Ishaq | ||
| 082 |
_a378.1662 _bKAP |
||
| 100 |
_a Kaplan Inc. _9134160 |
||
| 245 |
_aLSAT Endurance Practice / _c Kaplan Inc. |
||
| 250 | _a2009 Ed. | ||
| 260 |
_aNew York : _b Kaplan Inc, _c2009. |
||
| 300 |
_a817 p, ; _c10.8 x 8.8 x 1.8 inches |
||
| 942 |
_2ddc _cBK |
||
| 999 |
_c617107 _d617107 |
||